header

How Ottawa spends 1997-98 (Record no. 86942)

MARC details
000 -LEADER
fixed length control field 01331nam a2200337 a 4500
245 00 - TITLE STATEMENT
Title How Ottawa spends 1997-98
260 ## - PUBLICATION, DISTRIBUTION, ETC. (IMPRINT)
Place of publication [Ottawa, Ont.?] :
Name of publisher Carleton University Press,
Year of publication 1997.
300 ## - PHYSICAL DESCRIPTION
Number of Pages x, 344 p. :
Other physical details ill.
490 1# - SERIES STATEMENT
Series statement Carleton public policy series ;
Series statement How Ottawa spends,
700 1# - ADDED ENTRY--PERSONAL NAME
Personal name Swimmer, Gene.
856 40 - ELECTRONIC LOCATION AND ACCESS
Uniform Resource Identifier http://site.ebrary.com/lib/rucke/Doc?id=10577975

No items available.

© 2026 Rongo University
Contact us: librarian | system librarian | Rongo university